000 00731cam a22002054a 4500
005 20250605164033.0
008 250528s ||||||||||||||||||||||||d
035 _a16700
020 _a321189566
040 _aGR-AtMCL
_bgre
_dGR-AtMCL
_eAACR2
245 1 _aAn Introduction to Database Systems / Eighth Edition
250 _a8th
260 _bPearson Addison-Wesley,
_c2004
300 _a1014
520 _aA comprehensive introduction to the now very large field of database systems. Preface, Preliminaries, The Relational Model, Database Design, Transaction Management, Further Topics, Objects and Relations and XML, Appendixes, Index.
700 1 _aDate C.J
_91848
942 _cBK
999 _c2175
_d2175